Animaux les plus présents dans les Fables de La Fontaine - Statistiques

Statistiques générales
  • Ce quiz a été pris 1 629 fois
  • Le résultat moyen est 10 sur 19
Statistiques - réponses
Mentions Animaux % Correct
20 Renard
96%
18 Lion(ne)
87%
15 Loup
83%
11 Chien
79%
12 Chat(te)
76%
13 Rat
72%
4 Lièvre
66%
4 Souris
59%
4 Cheval
53%
8 Grenouille
50%
4 Chèvre
46%
14 Ane
45%
4 Coq
40%
4 Poisson
32%
4 Mouche
29%
9 Singe
27%
5 Aigle
25%
4 Cerf
24%
4 Belette
12%
Aucun quiz correspondant
Distribution des résultats
% des personnes avec chaque résultat
Percentile par nombre de réponses
Votre historique - résultats
Vous n’avez pas pris ce quiz